Anatomie et médecine par lettre - A - Statistiques

Statistiques générales
  • Ce quiz a été pris 4 579 fois
  • Le résultat moyen est 15 sur 22
Statistiques - réponses
Indice Réponse % Correct
On y applique du déodorant pour contrer la haute densité de glandes sudoripares Aisselle
95%
Tendon au-dessus du talon essentiel pour la course Tendon d'{Achille}
94%
Huit de ces muscles sont visibles sur le ventre des plus athlétiques Abdominaux
92%
Conduit le sang du cœur vers les autres parties de l'organisme Artère
91%
Elle réduit la douleur ressentie lors d'une opération chirurgicale Anesthésie
86%
Parmi les plus communs chez l'être humain : noix, fruits de mer et pollen Allergène
82%
Maladie neurodégénérative qui entraîne la perte progressive de la mémoire Alzheimer
82%
↳ La plus grosse du corps humain Aorte
82%
Acide désoxyribonucléique ADN
75%
Jonction entre deux os Articulation
70%
Hormone secrétée en préparation d'un effort physique Adrénaline
69%
Procédure chirurgicale qui consiste à détacher un membre du reste du corps Amputation
68%
Ce qu'un vaccin permet de produire Anticorps
67%
Organe rattaché au gros intestin, mais sans grande utilitée Appendice
65%
Maladie qui peut causer une fatigue excessive en raison d'un manque de globules rouges dans le sang Anémie
64%
Maladie respiratoire chronique due à une inflammation des voies respiratoires Asthme
64%
Cavité des poumons responsable des échanges gazeux Alvéole
56%
Situé à la dernière étape du processus de digestion Anus
47%
Dans un neurone, relie le noyau au reste de la cellule Axone
47%
Petits composés chimiques qui, liés ensemble, forment une protéine Acides aminés
45%
Organes lymphatiques dans la gorge, à l'entrée des voies respiratoires Amygdales
41%
Molécule qui stocke et fournit l'énergie nécessaire pour la majorité des réactions chimiques du corps ATP
38%
Aucun quiz correspondant
Distribution des résultats
% des personnes avec chaque résultat
Percentile par nombre de réponses
Votre historique - résultats
Vous n’avez pas pris ce quiz